01152 2200325 4500001002100000005001500021035002000036007000300056008004100059336002100100337002300121338003800144040002200182100004600204245013800250300003100388020002200419082001400441084001600455264004400471500006900515650002000584650002400604700004600628850001200674852002000686856007600706990002200782990002200804INLIS00000000086740920211125012441 a0010-1121001490ta211125s2015 jkia es ind d 2rdacontentateks 2rdamediaakomputer 2rdacarrierasumber sambung jaring aYOPDYOGbinderda0 aMuchlis Achsan Udji Sofrod1963-epenulis10aSehat dan sukses dengan HIV-AIDS :bkisah perjuangan hidup penderita HIV-AIDS /cMuchlis Achsan Udji Sofro, Stephanus Agung Sujatmoko a1 berkas komputer (2,6 MB) a978-602-02-7683-004223a809.8 a809.8 MUC s31aJakarta :bElex Media Komputindo,c2015 aUntuk mengakses buku ini silakan unduh aplikasi http://ijogja.id 4aKisah kehidupan 4aHIV/AIDS (Penyakit)0 aStephanus Agung Sujatmokod1976-epenulis aYOPDYOG8 aaplikasi iJogja40nPerpustakaan Digital iJogjauhttp://ijogja.id /publications/books/20753 a002397-EPD/B.2017 a002398-EPD/B.2017